Visual tennis

Bibliographic Details
Main Author: Yandell,, John
Format: Book
Published: Champaign : Human Kinetics , 1990
Edition:2nd ed.
Subjects:

MARC

LEADER 00000cam a2200000 7i4500
001 0000011858
005 20050422.0
020 |a 0880118032 
040 |a INS 
090 0 0 |a GV1002.9.P75   |b X356 1990 
100 1 |a Yandell,, John 
245 1 0 |a Visual tennis   |c John Yandell 
250 |a 2nd ed. 
260 |a Champaign :   |b Human Kinetics ,   |c 1990 
300 |a ix :   |b 181p ;   |c 27cm. 
650 0 0 |a Tennis 
999 |a 0000011661   |b BOOK   |c Open Shelf   |e Default branch 
999 |a 0000011662   |b BOOK   |c Open Shelf   |e Default branch